15 Countries Most affected by widfire in 2013 - Statistics

General Stats
  • This quiz has been taken 7 times
  • The average score is 12 of 15
Answer Stats
Hint Answer % Correct
Bushes Burnt Australia
100%
Chili But its not Chile
100%
Take Palestine! Israel
100%
Chinas neighbour Mongolia
100%
Former Soviet Nation Russia
100%
AMERICA United States
100%
Oki, Oceania Indonesia
83%
Spaghettiosa, yay Italy
83%
Ma lay sean Malaysia
83%
Euro.pe Portugal
83%
Euroagain Spain
83%
Serbia thicc go brrrrr Yugoslavia
83%
AmErica? Canada
67%
NOT black moutain Greece
67%
South of That South africa
0%
No matching quizzes found
Score Distribution
Percent of People with Each Score
Percentile by Number Answered
Your Score History
You have not taken this quiz